Thị trường chứng khoán

שמור ב:
מידע ביבליוגרפי
מחבר ראשי: Lê, Văn Tư
פורמט: ספר
שפה:Undetermined
יצא לאור: Thành phố Hồ Chí Minh Thống kê 2005
נושאים:
תגים: הוספת תג
אין תגיות, היה/י הראשונ/ה לתייג את הרשומה!
Thư viện lưu trữ: Trung tâm Học liệu Trường Đại học Cần Thơ
LEADER 00545nam a2200193Ia 4500
001 CTU_100887
008 210402s9999 xx 000 0 und d
020 |c 70000 
082 |a 332.642 
082 |b T550 
100 |a Lê, Văn Tư 
245 0 |a Thị trường chứng khoán 
245 0 |c Lê Văn Tư 
260 |a Thành phố Hồ Chí Minh 
260 |b Thống kê 
260 |c 2005 
650 |a Bank marketing,Stock exchanges 
904 |i Tuyến 
980 |a Trung tâm Học liệu Trường Đại học Cần Thơ